[Event "Lindores Abbey Tal Blitz 2021"]
[Site "Riga"]
[Date "2021.11.08"]
[Round "13.20"]
[White "Bartel, Mateusz"]
[Black "Kravtsiv, Martyn"]
[Result "1-0"]
[WhiteElo "2619"]
[BlackElo "2616"]
[Annotator "TA"]
[PlyCount "83"]
[EventDate "2021.11.02"]
[EventType "swiss"]
[EventCountry "LAT"]
[SourceTitle "playchess.com"]
[Source "ChessBase"]
[SourceQuality "1"]

1. e4 e5 2. Nf3 Nc6 3. Bb5 a6 4. Ba4 Nf6 5. Nc3 Be7 6. d3 d6 7. a3 O-O 8. h3 b5
9. Bb3 Na5 10. Ba2 c5 11. Nd5 Be6 12. Nxf6+ Bxf6 13. Bxe6 fxe6 14. O-O d5 15.
Qe2 Nc6 16. c3 Qc7 17. b3 Na5 18. Rb1 c4 19. b4 Nb3 20. Bb2 a5 21. dxc4 bxc4
22. Nd2 Nxd2 23. Qxd2 d4 24. Qe2 axb4 25. axb4 Ra2 26. Qg4 Qd7 27. Rfd1 d3 28.
Bc1 Rc2 29. Bd2 Bd8 30. f3 Bb6+ 31. Kh1 Ra8 32. Ra1 Rb8 33. Ra6 Kh8 34. Qg3 Bc7
35. Qg4 Re8 36. Ra7 Qc6 37. Qh5 Rf8 38. Qg5 Qd6 39. Be3 h6 40. Qg6 Qc6 41. b5
Qd6 42. b6 1-0

[Event "Lindores Abbey Tal Blitz 2021"]
[Site "Riga"]
[Date "2021.11.08"]
[Round "13.22"]
[White "Indjic, Aleksandar"]
[Black "Petrosyan, Manuel"]
[Result "0-1"]
[WhiteElo "2612"]
[BlackElo "2599"]
[Annotator "TA"]
[PlyCount "61"]
[EventDate "2021.11.02"]
[EventType "swiss"]
[EventCountry "LAT"]
[SourceTitle "playchess.com"]
[Source "ChessBase"]
[SourceQuality "1"]

1. d4 Nf6 2. c4 e6 3. Nc3 Bb4 4. Qc2 c5 5. dxc5 Nc6 6. Nf3 O-O 7. a3 Bxc5 8.
Bg5 Be7 9. O-O-O b6 10. e4 Bb7 11. e5 Ng4 12. Bf4 f6 13. Bd3 Ncxe5 14. Bxh7+
Kh8 15. h3 Nxf2 16. Bxe5 Bxf3 17. gxf3 Nxd1 18. Rxd1 fxe5 19. Be4 Bg5+ 20. Kb1
Rc8 21. Qa4 Rf7 22. Ka1 Be3 23. Bb1 Bd4 24. Qc2 Rf5 25. Nb5 d5 26. Nxd4 exd4
27. Rxd4 Qf6 28. Qd2 Rxc4 29. Rxc4 dxc4 30. Bxf5 Qxf5 31. Qe3 0-1

[Event "Lindores Abbey Tal Blitz 2021"]
[Site "Riga"]
[Date "2021.11.08"]
[Round "13.23"]
[White "Vachier-Lagrave, Maxime"]
[Black "Yilmaz, Mustafa"]
[Result "1-0"]
[WhiteElo "2766"]
[BlackElo "2626"]
[Annotator "TA"]
[PlyCount "113"]
[EventDate "2021.11.02"]
[EventType "swiss"]
[EventCountry "LAT"]
[SourceTitle "playchess.com"]
[Source "ChessBase"]
[SourceQuality "1"]

1. e4 c5 2. h3 e6 3. Nf3 Nc6 4. Nc3 a6 5. g4 d6 6. Bg2 Nf6 7. d4 cxd4 8. Nxd4
Be7 9. Be3 O-O 10. Qe2 Nxd4 11. Bxd4 e5 12. Be3 Be6 13. g5 Nd7 14. h4 Rc8 15.
Nd5 Bxd5 16. exd5 Qa5+ 17. c3 f5 18. gxf6 Nxf6 19. Rd1 Qxa2 20. Bh3 Rce8 21.
Be6+ Kh8 22. h5 Qa4 23. Qf3 Qc2 24. Qe2 Qe4 25. Rh3 Qg2 26. h6 g6 27. Qf3 Qxf3
28. Rxf3 Nh5 29. Ke2 Nf4+ 30. Bxf4 exf4 31. Rh3 Bf6 32. Kf3 Be5 33. Kg4 Re7 34.
Re1 Rfe8 35. Rd3 Rc7 36. Re4 Rc5 37. Rd1 Rc7 38. Rb4 Rf8 39. f3 Rb8 40. Ra1 Re8
41. Rb6 Rd8 42. Ra4 Re8 43. Rab4 Ree7 44. Rxa6 Re8 45. Ra7 Rb8 46. Rb6 Bf6 47.
Rxd6 Be7 48. Rc6 Bd8 49. Rxc7 Bxc7 50. Ra4 b5 51. Rxf4 Bxf4 52. Kxf4 b4 53. c4
b3 54. c5 g5+ 55. Kg3 g4 56. c6 gxf3 57. c7 1-0

[Event "Lindores Abbey Tal Blitz 2021"]
[Site "Riga"]
[Date "2021.11.08"]
[Round "13.24"]
[White "Ponomariov, Ruslan"]
[Black "Dreev, Aleksey"]
[Result "0-1"]
[WhiteElo "2633"]
[BlackElo "2635"]
[Annotator "TA"]
[PlyCount "116"]
[EventDate "2021.11.02"]
[EventType "swiss"]
[EventCountry "LAT"]
[SourceTitle "playchess.com"]
[Source "ChessBase"]
[SourceQuality "1"]

1. e4 c6 2. d4 d5 3. e5 c5 4. dxc5 e6 5. Nf3 Bxc5 6. Bd3 Ne7 7. O-O Nbc6 8. a3
Ng6 9. Re1 Qb6 10. Qe2 Bd7 11. c3 Ncxe5 12. Nxe5 Nxe5 13. Qxe5 Bxf2+ 14. Kh1
Bxe1 15. Qxe1 Qd6 16. Be3 e5 17. Nd2 O-O 18. Qh4 f5 19. Re1 b6 20. Bc2 Rae8 21.
Bf2 h6 22. Qb4 Qxb4 23. axb4 f4 24. Bb3 Bc6 25. Nf3 e4 26. Nd4 Bb7 27. Ra1 a6
28. b5 a5 29. Nc6 e3 30. Bxd5+ Kh7 31. Be1 g5 32. h3 h5 33. Bf3 Kh6 34. Rd1 Bc8
35. Rd6+ Re6 36. Rd5 Ree8 37. Nd4 g4 38. Rd6+ Kh7 39. hxg4 hxg4 40. Bc6 Re5 41.
Kg1 Rg5 42. Kf1 Rh5 43. Ke2 Rh2 44. Be4+ Kh8 45. Kd3 Rh1 46. Nc2 Bf5 47. Bxf5
Rxf5 48. Rxb6 Rh2 49. Rb8+ Kh7 50. g3 Rxc2 51. Kxc2 f3 52. Rd8 f2 53. Bxf2 exf2
54. Rd1 f1=Q 55. Rxf1 Rxf1 56. c4 Kg7 57. b6 Rf6 58. c5 Rf5 0-1

[Event "Lindores Abbey Tal Blitz 2021"]
[Site "Riga"]
[Date "2021.11.08"]
[Round "13.25"]
[White "Vokhidov, Shamsiddin"]
[Black "Bluebaum, Matthias"]
[Result "1/2-1/2"]
[WhiteElo "2521"]
[BlackElo "2647"]
[Annotator "TA"]
[PlyCount "114"]
[EventDate "2021.11.02"]
[EventType "swiss"]
[EventCountry "LAT"]
[SourceTitle "playchess.com"]
[Source "ChessBase"]
[SourceQuality "1"]

1. e4 e6 2. d4 d5 3. Nc3 Nf6 4. Bg5 h6 5. Bxf6 Qxf6 6. exd5 Bb4 7. Bc4 O-O 8.
Nge2 exd5 9. Bxd5 Rd8 10. O-O Bxc3 11. Nxc3 Nc6 12. Bxc6 bxc6 13. Ne4 Qxd4 14.
c3 Qd5 15. c4 Qd4 16. b3 Bf5 17. Qxd4 Rxd4 18. Nc5 Rad8 19. Rfe1 Kf8 20. Kf1
Rd2 21. Re2 Bd3 22. Nxd3 R8xd3 23. Ke1 Rxe2+ 24. Kxe2 Rd6 25. Rd1 Re6+ 26. Kf1
Rd6 27. Rxd6 cxd6 28. b4 Ke7 29. Ke2 c5 30. b5 d5 31. cxd5 Kd6 32. Kd3 Kxd5 33.
Kc3 c4 34. a3 Kc5 35. a4 Kd5 36. a5 Kc5 37. b6 axb6 38. a6 Kc6 39. Kxc4 b5+ 40.
Kb4 Kb6 41. a7 Kxa7 42. Kxb5 Kb7 43. Kc5 Kc7 44. Kd5 Kd7 45. Ke5 Ke7 46. h4 Kd7
47. g4 Ke7 48. f4 Kd7 49. f5 Ke7 50. f6+ gxf6+ 51. Kf5 Ke8 52. Kxf6 Kf8 53. h5
Kg8 54. g5 hxg5 55. Kxg5 Kh7 56. Kf6 Kh6 57. Kxf7 Kxh5 1/2-1/2

[Event "Lindores Abbey Tal Blitz 2021"]
[Site "Riga"]
[Date "2021.11.08"]
[Round "13.26"]
[White "Volokitin, Andrei"]
[Black "Howell, David W L"]
[Result "0-1"]
[WhiteElo "2656"]
[BlackElo "2648"]
[Annotator "TA"]
[PlyCount "79"]
[EventDate "2021.11.02"]
[EventType "swiss"]
[EventCountry "LAT"]
[SourceTitle "playchess.com"]
[Source "ChessBase"]
[SourceQuality "1"]

1. e4 c6 2. d4 d5 3. e5 Bf5 4. Nf3 e6 5. Be2 Ne7 6. c3 Nd7 7. O-O Ng6 8. Be3 f6
9. exf6 Qxf6 10. Ne1 Bd6 11. f4 Bxb1 12. Rxb1 Nxf4 13. Bh5+ g6 14. Nd3 gxh5 15.
Bxf4 Bxf4 16. Qxh5+ Qg6 17. Qxg6+ hxg6 18. Nxf4 Nf8 19. Rbe1 Ke7 20. Re5 Re8
21. g3 Kd6 22. h4 Rh6 23. Rg5 a5 24. Nd3 Nd7 25. Rf7 Re7 26. Rxe7 Kxe7 27. Nf4
Kf6 28. Nd3 b6 29. Kg2 c5 30. Kf3 Rh7 31. Kf4 Rf7 32. Kg4 Rh7 33. Nf4 Rh6 34.
Nd3 Rh7 35. a4 Rh6 36. Nf4 Kf7 37. Nd3 Kf6 38. Nf4 Kf7 39. Nd3 Kf6 40. Ne5 0-1

[Event "Lindores Abbey Tal Blitz 2021"]
[Site "Riga"]
[Date "2021.11.08"]
[Round "13.27"]
[White "Niemann, Hans Moke"]
[Black "Ponkratov, Pavel"]
[Result "1-0"]
[WhiteElo "2635"]
[BlackElo "2662"]
[Annotator "TA"]
[PlyCount "75"]
[EventDate "2021.11.02"]
[EventType "swiss"]
[EventCountry "LAT"]
[SourceTitle "playchess.com"]
[Source "ChessBase"]
[SourceQuality "1"]

1. c4 Nf6 2. Nc3 e5 3. Nf3 Nc6 4. e3 g6 5. d4 exd4 6. exd4 Bg7 7. d5 Ne7 8. Be2
O-O 9. O-O d6 10. h3 Re8 11. Re1 h6 12. Bf1 g5 13. Nd4 Nf5 14. Nxf5 Bxf5 15.
Be3 Nd7 16. Rc1 a6 17. b4 Bg6 18. c5 Ne5 19. c6 b5 20. a4 Nc4 21. Bxc4 bxc4 22.
b5 axb5 23. axb5 Ra3 24. Qd2 Qf6 25. Ne2 c3 26. Qd1 Rxe3 27. fxe3 Qe7 28. Nd4
Be4 29. b6 cxb6 30. Nb5 Ra2 31. Re2 c2 32. Qd2 Rb2 33. c7 Bf5 34. Nd4 Bxd4 35.
Qxd4 Rb1 36. Rexc2 Rxc1+ 37. Rxc1 Bc8 38. Qxb6 1-0

[Event "Lindores Abbey Tal Blitz 2021"]
[Site "Riga"]
[Date "2021.11.08"]
[Round "13.28"]
[White "Swiercz, Dariusz"]
[Black "Sasikiran, Krishnan"]
[Result "0-1"]
[WhiteElo "2647"]
[BlackElo "2640"]
[Annotator "TA"]
[PlyCount "62"]
[EventDate "2021.11.02"]
[EventType "swiss"]
[EventCountry "LAT"]
[SourceTitle "playchess.com"]
[Source "ChessBase"]
[SourceQuality "1"]

1. Nf3 d5 2. b3 c5 3. e3 Nf6 4. Bb2 a6 5. c4 Nc6 6. cxd5 Nxd5 7. Nc3 Nxc3 8.
Bxc3 Bf5 9. Be2 e6 10. O-O Be7 11. Bxg7 Rg8 12. Bc3 Bh3 13. Ne1 Bd6 14. f4 Qc7
15. Kh1 Bf5 16. Bd3 Bg4 17. Qc2 f5 18. Bc4 Qe7 19. Nf3 O-O-O 20. a3 Kb8 21.
Rab1 Rc8 22. Qa2 Rg6 23. b4 cxb4 24. axb4 Bxf3 25. Rxf3 Nxb4 26. Qb3 a5 27.
Rff1 Rcg8 28. g3 h5 29. Rg1 h4 30. gxh4 Qxh4 31. Qb2 Qxh2+ 0-1

[Event "Lindores Abbey Tal Blitz 2021"]
[Site "Riga"]
[Date "2021.11.08"]
[Round "13.29"]
[White "Ganguly, Surya Shekhar"]
[Black "Kryvoruchko, Yuriy"]
[Result "1-0"]
[WhiteElo "2633"]
[BlackElo "2681"]
[Annotator "TA"]
[PlyCount "83"]
[EventDate "2021.11.02"]
[EventType "swiss"]
[EventCountry "LAT"]
[SourceTitle "playchess.com"]
[Source "ChessBase"]
[SourceQuality "1"]

1. e4 e5 2. Nf3 Nc6 3. Bc4 Bc5 4. c3 Nf6 5. d3 d6 6. a4 a6 7. O-O O-O 8. h3 h6
9. Re1 Re8 10. Nbd2 Be6 11. Bxe6 Rxe6 12. b4 Ba7 13. Qc2 Qd7 14. Nc4 Ne7 15.
Be3 Bxe3 16. Nxe3 Rd8 17. c4 c6 18. Rad1 Ng6 19. a5 d5 20. c5 d4 21. Nf5 Ne7
22. Nd6 Ne8 23. Nc4 Qc7 24. Nh4 Rf6 25. g3 g5 26. Nf5 Nxf5 27. exf5 Rxf5 28.
Qe2 Rd5 29. Nb6 Rd8 30. g4 Rf4 31. Qxe5 Qxe5 32. Rxe5 Nc7 33. Re7 Nb5 34. Rde1
Rf3 35. Rxb7 Rxd3 36. Kg2 Rb3 37. Ree7 d3 38. Rxf7 d2 39. Rg7+ Kf8 40. Rh7 Kg8
41. Rbg7+ Kf8 42. Nd7+ 1-0

[Event "Lindores Abbey Tal Blitz 2021"]
[Site "Riga"]
[Date "2021.11.08"]
[Round "13.30"]
[White "Van Foreest, Jorden"]
[Black "Ernst, Sipke"]
[Result "1-0"]
[WhiteElo "2701"]
[BlackElo "2532"]
[Annotator "RC"]
[PlyCount "77"]
[EventDate "2021.11.02"]
[EventType "swiss"]
[EventCountry "LAT"]
[SourceTitle "playchess.com"]
[Source "ChessBase"]
[SourceQuality "1"]

1. e4 e5 2. Ne2 Ne7 3. f4 exf4 4. Nxf4 d5 5. e5 c5 6. d4 Nbc6 7. dxc5 d4 8. Bd3
Ng6 9. e6 Bxe6 10. Nxe6 fxe6 11. O-O Nge5 12. Nd2 Nxd3 13. cxd3 Qd5 14. Ne4 Be7
15. Qg4 O-O-O 16. Bf4 g5 17. Bd6 Bxd6 18. Nxd6+ Kb8 19. Nf7 Qxc5 20. Rae1 h5
21. Qg3+ e5 22. Nxh8 Rxh8 23. Qxg5 Qc2 24. Rc1 Qe2 25. Rfe1 Qg4 26. Rxe5 Rg8
27. Qxg4 hxg4 28. Re4 a5 29. Kf2 Ka7 30. Kg3 Rg5 31. Rxg4 Rb5 32. Rc2 Nb4 33.
Rd2 Rd5 34. a3 Nc6 35. h4 Rd7 36. h5 Re7 37. h6 Re3+ 38. Kf4 Ne5 39. h7 1-0

[Event "Lindores Abbey Tal Blitz 2021"]
[Site "Riga"]
[Date "2021.11.08"]
[Round "13.31"]
[White "Sadhwani, Raunak"]
[Black "Sargissian, Gabriel"]
[Result "0-1"]
[WhiteElo "2609"]
[BlackElo "2664"]
[Annotator "TA"]
[PlyCount "54"]
[EventDate "2021.11.02"]
[EventType "swiss"]
[EventCountry "LAT"]
[SourceTitle "playchess.com"]
[Source "ChessBase"]
[SourceQuality "1"]

1. b3 d5 2. Bb2 Bf5 3. Nf3 e6 4. g3 h6 5. Bg2 Nf6 6. O-O Be7 7. d3 O-O 8. Nbd2
a5 9. a3 c5 10. Ne5 Nc6 11. Nxc6 bxc6 12. e4 Bh7 13. a4 Nd7 14. Kh1 Bf6 15.
Bxf6 Qxf6 16. f4 Qc3 17. Ra2 Rab8 18. Qa1 Qxd2 19. Re1 Qb4 20. Re2 Rfd8 21. Qf1
c4 22. dxc4 dxc4 23. f5 exf5 24. exf5 Re8 25. Ra1 Rxe2 26. Qxe2 Bxf5 27. Rf1
Be6 0-1

[Event "Lindores Abbey Tal Blitz 2021"]
[Site "Riga"]
[Date "2021.11.08"]
[Round "13.32"]
[White "Kuzubov, Yuriy"]
[Black "Dzagnidze, Nana"]
[Result "1-0"]
[WhiteElo "2637"]
[BlackElo "2524"]
[Annotator "TA"]
[PlyCount "57"]
[EventDate "2021.11.02"]
[EventType "swiss"]
[EventCountry "LAT"]
[SourceTitle "playchess.com"]
[Source "ChessBase"]
[SourceQuality "1"]

1. d4 Nf6 2. Nf3 e6 3. c4 d5 4. Nc3 Nbd7 5. Qc2 Be7 6. cxd5 exd5 7. Bg5 c6 8.
e3 O-O 9. Bd3 Re8 10. O-O Nf8 11. Rab1 Ng6 12. b4 a6 13. a4 Ne4 14. Bxe7 Qxe7
15. b5 axb5 16. axb5 Bd7 17. bxc6 Bxc6 18. Nd2 Rac8 19. Bxe4 dxe4 20. Qb3 Qg5
21. Kh1 Nh4 22. Rg1 Rcd8 23. Nc4 Qf5 24. Qb2 Re6 25. Ne2 Rh6 26. Ng3 Qg4 27.
Ne5 Qf5 28. Nxf5 Nxf5 29. Nxc6 1-0

[Event "Lindores Abbey Tal Blitz 2021"]
[Site "Riga"]
[Date "2021.11.08"]
[Round "13.33"]
[White "Sethuraman, S.P.."]
[Black "Saric, Ivan"]
[Result "0-1"]
[WhiteElo "2620"]
[BlackElo "2665"]
[Annotator "TA"]
[PlyCount "121"]
[EventDate "2021.11.02"]
[EventType "swiss"]
[EventCountry "LAT"]
[SourceTitle "playchess.com"]
[Source "ChessBase"]
[SourceQuality "1"]

1. e4 c5 2. Nf3 Nc6 3. Bb5 g6 4. O-O Bg7 5. c3 Nf6 6. Re1 O-O 7. d4 d5 8. e5
Ne4 9. Bxc6 bxc6 10. Be3 Rb8 11. b3 Qa5 12. Qc1 Rxb3 13. axb3 Qxa1 14. dxc5 Qa5
15. b4 Qc7 16. Nbd2 Bg4 17. Bd4 Bxf3 18. Nxf3 f6 19. exf6 Bxf6 20. Bxf6 Rxf6
21. c4 e6 22. Qa1 Rf5 23. Nd4 Rh5 24. g3 Qf7 25. f3 Ng5 26. Kg2 dxc4 27. Qa6 e5
28. Rxe5 Qd7 29. g4 Qxd4 30. Qc8+ Kg7 31. Re7+ Nf7 32. gxh5 Qd2+ 33. Kh3 Qg5
34. Qe6 Qxh5+ 35. Kg2 Qg5+ 36. Kf2 Qd2+ 37. Qe2 Qf4 38. Kg2 c3 39. Qe3 Qf6 40.
Re4 Ng5 41. Re7+ Kf8 42. Re8+ Kf7 43. Ra8 c2 44. Rxa7+ Kf8 45. Ra8+ Kg7 46.
Ra7+ Kf8 47. Ra8+ Kg7 48. Ra7+ Kh6 49. h4 Qxf3+ 50. Qxf3 Nxf3 51. Ra1 Ne5 52.
Rc1 Nd3 53. Rxc2 Ne1+ 54. Kf2 Nxc2 55. b5 Nb4 56. b6 Na6 57. b7 Kh5 58. Kf3
Kxh4 59. Ke4 g5 60. Ke5 Nxc5 61. Kd4 0-1

[Event "Lindores Abbey Tal Blitz 2021"]
[Site "Riga"]
[Date "2021.11.08"]
[Round "13.34"]
[White "Donchenko, Alexander"]
[Black "Cheparinov, Ivan"]
[Result "0-1"]
[WhiteElo "2645"]
[BlackElo "2677"]
[Annotator "TA"]
[PlyCount "70"]
[EventDate "2021.11.02"]
[EventType "swiss"]
[EventCountry "LAT"]
[SourceTitle "playchess.com"]
[Source "ChessBase"]
[SourceQuality "1"]

1. e4 e5 2. Nf3 Nc6 3. Bb5 a6 4. Ba4 Nf6 5. O-O Be7 6. Re1 b5 7. Bb3 O-O 8. h3
Bb7 9. d3 d5 10. exd5 Nxd5 11. a4 Nd4 12. Nxd4 exd4 13. axb5 axb5 14. Rxa8 Bxa8
15. Nd2 c5 16. Ne4 Qc7 17. Qh5 c4 18. dxc4 bxc4 19. Ba2 Qa5 20. c3 Qxa2 21.
cxd4 Bb4 22. Rd1 Qa4 23. Kh2 Qd7 24. Bd2 Bxd2 25. Rxd2 Re8 26. Nc5 Qd6+ 27. g3
Nf4 28. Qg4 Nd3 29. Nxd3 cxd3 30. Rxd3 Qd5 31. f3 h5 32. Qf4 Re2+ 33. Kg1 Rxb2
34. Qc1 Rb8 35. Rd2 Qxf3 0-1

[Event "Lindores Abbey Tal Blitz 2021"]
[Site "Riga"]
[Date "2021.11.08"]
[Round "13.35"]
[White "Chigaev, Maksim"]
[Black "Stefanova, Antoaneta"]
[Result "0-1"]
[WhiteElo "2626"]
[BlackElo "2475"]
[Annotator "TA"]
[PlyCount "80"]
[EventDate "2021.11.02"]
[EventType "swiss"]
[EventCountry "LAT"]
[SourceTitle "playchess.com"]
[Source "ChessBase"]
[SourceQuality "1"]

1. c4 c6 2. Nf3 d5 3. e3 Nf6 4. Nc3 g6 5. h3 Bg7 6. Be2 O-O 7. O-O b6 8. d4 Bb7
9. b4 dxc4 10. Bxc4 a5 11. b5 cxb5 12. Nxb5 Ne4 13. Bb2 Nc6 14. Rc1 Nb4 15. a3
Nd5 16. Qd3 Nd6 17. Nxd6 Qxd6 18. Ne5 e6 19. Rfd1 Rfc8 20. e4 Nf6 21. d5 exd5
22. exd5 b5 23. Bxb5 Rxc1 24. Rxc1 Qxd5 25. Qxd5 Nxd5 26. Nc4 Nf4 27. Rc2 Bxb2
28. Nxb2 Nxg2 29. Rc7 Bd5 30. Nd3 Nh4 31. Kh2 g5 32. Ne5 h6 33. Ng4 Kg7 34. Ne3
Be6 35. Bc4 Bxc4 36. Rxc4 Rd8 37. Ra4 Rd2 38. Kg3 f5 39. Nf1 f4+ 40. Kg4 Rxf2
0-1

[Event "Lindores Abbey Tal Blitz 2021"]
[Site "Riga"]
[Date "2021.11.08"]
[Round "13.36"]
[White "Demchenko, Anton"]
[Black "Morovic Fernandez, Ivan"]
[Result "1-0"]
[WhiteElo "2655"]
[BlackElo "2510"]
[Annotator "TA"]
[PlyCount "110"]
[EventDate "2021.11.02"]
[EventType "swiss"]
[EventCountry "LAT"]
[SourceTitle "playchess.com"]
[Source "ChessBase"]
[SourceQuality "1"]

1. e4 e5 2. Nf3 Nc6 3. Bc4 Nf6 4. d3 Be7 5. O-O O-O 6. Re1 d6 7. a4 Na5 8. Ba2
c5 9. Na3 Be6 10. Bxe6 fxe6 11. c3 Qd7 12. Bd2 Nc6 13. Nc4 h6 14. b4 cxb4 15.
cxb4 Nh7 16. b5 Nd4 17. Nxd4 exd4 18. Qg4 Nf6 19. Qg3 Nh5 20. Qg4 Nf6 21. Qh3
e5 22. Qxd7 Nxd7 23. Bb4 Rf6 24. Na5 Rb8 25. Rac1 Nc5 26. Bxc5 dxc5 27. Nc4 Re6
28. Rf1 g5 29. g3 Rf8 30. Kg2 Kg7 31. f3 Bd8 32. Kf2 Kg6 33. Ke2 Rf7 34. Rf2 h5
35. Rg1 Bc7 36. h4 g4 37. Rgf1 Ref6 38. a5 Bb8 39. b6 a6 40. fxg4 Rxf2+ 41.
Rxf2 Rxf2+ 42. Kxf2 hxg4 43. Ke2 Kf6 44. Kd2 Ke6 45. Kc2 Kf6 46. Kb3 Kg6 47.
Nb2 Bd6 48. Nc4 Bb8 49. Nd2 Bd6 50. Kc4 Be7 51. Kd5 c4 52. Nxc4 Bb4 53. Kxe5
Kh5 54. Kf4 Be1 55. e5 Bb4 1-0

[Event "Lindores Abbey Tal Blitz 2021"]
[Site "Riga"]
[Date "2021.11.08"]
[Round "13.37"]
[White "Gunina, Valentina"]
[Black "Rakhmanov, Aleksandr"]
[Result "1/2-1/2"]
[WhiteElo "2480"]
[BlackElo "2650"]
[Annotator "RC"]
[PlyCount "93"]
[EventDate "2021.11.02"]
[EventType "swiss"]
[EventCountry "LAT"]
[SourceTitle "playchess.com"]
[Source "ChessBase"]
[SourceQuality "1"]

1. d4 Nf6 2. c4 d6 3. Nc3 e5 4. Nf3 e4 5. Ng5 Qe7 6. Qc2 Nc6 7. d5 Nd4 8. Qd1
Nf5 9. e3 h6 10. Nh3 g6 11. Nf4 Bg7 12. Be2 h5 13. h4 O-O 14. Bd2 a6 15. Qc2
Bd7 16. O-O-O b5 17. g4 hxg4 18. h5 g5 19. h6 Nxh6 20. Nh5 Nxh5 21. Rxh5 f5 22.
Rdh1 Nf7 23. Nd1 bxc4 24. Bxc4 Ne5 25. Be2 Be8 26. R5h2 Bg6 27. Bc3 a5 28. Bd4
a4 29. Nc3 a3 30. b3 Rfc8 31. Kb1 Rab8 32. Nb5 Bf7 33. Ba7 Bxd5 34. Bxb8 Rxb8
35. Qxc7 Qxc7 36. Nxc7 Bf7 37. Rd1 Nc6 38. Rhh1 Nb4 39. Na6 Bxb3 40. Nxb8 Bxa2+
41. Kc1 Bc3 42. Rxd6 Bb3 43. Rd8+ Kg7 44. Rd7+ Kg8 45. Rd8+ Kg7 46. Rd7+ Kg8
47. Rd8+ 1/2-1/2

[Event "Lindores Abbey Tal Blitz 2021"]
[Site "Riga"]
[Date "2021.11.08"]
[Round "13.38"]
[White "Muzychuk, Mariya"]
[Black "Ter-Sahakyan, Samvel"]
[Result "0-1"]
[WhiteElo "2536"]
[BlackElo "2615"]
[Annotator "TA"]
[PlyCount "118"]
[EventDate "2021.11.02"]
[EventType "swiss"]
[EventCountry "LAT"]
[SourceTitle "playchess.com"]
[Source "ChessBase"]
[SourceQuality "1"]

1. e4 c5 2. Nf3 d6 3. Bb5+ Nd7 4. O-O a6 5. Bd3 Ngf6 6. c3 b5 7. Bc2 Bb7 8. Re1
c4 9. d4 cxd3 10. Qxd3 e6 11. a4 Nc5 12. Qe2 bxa4 13. Be3 Nfd7 14. Nbd2 Be7 15.
Bxa4 Nxa4 16. Rxa4 O-O 17. h3 e5 18. b4 Qc7 19. Qd3 Rfc8 20. Rc1 h6 21. Nb3 Bc6
22. Ra3 Bb5 23. Qc2 Nf6 24. Na5 d5 25. exd5 Bxb4 26. cxb4 Qxc2 27. Rxc2 Rxc2
28. Nxe5 Nxd5 29. Bc5 Re8 30. Nec6 Nf4 31. Nd4 Rc1+ 32. Kh2 Bf1 33. Nab3 Rd1
34. g3 Nd3 35. Nf5 Nxc5 36. Nxc5 Bb5 37. g4 g6 38. Ne3 Rd4 39. Nxa6 Ra8 40. Nc7
Rxa3 41. Nxb5 Rad3 42. Nxd4 Rxd4 43. b5 Rb4 44. Kg3 Rxb5 45. h4 Kg7 46. f4 Rb3
47. Kf3 Kf8 48. Ke4 Ke7 49. Nd5+ Kd6 50. Ne3 Rb4+ 51. Kf3 Ra4 52. h5 gxh5 53.
gxh5 Ke6 54. Ng4 f5 55. Ne5 Ra3+ 56. Kf2 Kd5 57. Nf7 Ra6 58. Kf3 Kd4 59. Nd8
Ra3+ 0-1

[Event "Lindores Abbey Tal Blitz 2021"]
[Site "Riga"]
[Date "2021.11.08"]
[Round "13.39"]
[White "Cori T., Deysi"]
[Black "Jumabayev, Rinat"]
[Result "0-1"]
[WhiteElo "2396"]
[BlackElo "2658"]
[Annotator "TA"]
[PlyCount "68"]
[EventDate "2021.11.02"]
[EventType "swiss"]
[EventCountry "LAT"]
[SourceTitle "playchess.com"]
[Source "ChessBase"]
[SourceQuality "1"]

1. d4 Nf6 2. Nf3 e6 3. e3 b6 4. c4 Bb7 5. Nc3 Bb4 6. Bd2 c5 7. Be2 cxd4 8. exd4
O-O 9. O-O Re8 10. Rc1 Bf8 11. Bg5 h6 12. Bh4 d6 13. Nd2 Nbd7 14. f4 Rc8 15. b3
a6 16. Bf3 Qc7 17. Bf2 Qb8 18. Nde4 b5 19. f5 exf5 20. Ng3 g6 21. cxb5 axb5 22.
Qd3 b4 23. Nce2 Ne4 24. Nf4 Ndf6 25. Be3 Qa8 26. d5 Ba6 27. Qd4 Bxf1 28. Rxf1
Qxa2 29. Bxe4 Nxe4 30. Nfh5 gxh5 31. Nxh5 Re5 32. Bf4 Qe2 33. Bxe5 dxe5 34.
Qxe5 Bc5+ 0-1

[Event "Lindores Abbey Tal Blitz 2021"]
[Site "Riga"]
[Date "2021.11.08"]
[Round "13.40"]
[White "Javakhishvili, Lela"]
[Black "Abasov, Nijat"]
[Result "1-0"]
[WhiteElo "2446"]
[BlackElo "2634"]
[Annotator "TA"]
[PlyCount "63"]
[EventDate "2021.11.02"]
[EventType "swiss"]
[EventCountry "LAT"]
[SourceTitle "playchess.com"]
[Source "ChessBase"]
[SourceQuality "1"]

1. Nf3 c5 2. c4 Nc6 3. g3 g6 4. Bg2 Bg7 5. O-O e6 6. Nc3 d6 7. d3 Nge7 8. Bg5
h6 9. Bd2 O-O 10. a3 b6 11. Rb1 Bb7 12. b4 Qd7 13. bxc5 dxc5 14. h4 Rad8 15.
Qc1 Kh7 16. Rd1 Nf5 17. Ne4 Ncd4 18. Re1 Bxe4 19. dxe4 Nxf3+ 20. Bxf3 Nxh4 21.
Bf4 Nxf3+ 22. exf3 Qa4 23. Kg2 Rd3 24. Bxh6 Qxa3 25. Qg5 f6 26. Qh4 Kg8 27.
Bxg7 Kxg7 28. Rh1 Kf7 29. Qh7+ Ke8 30. Qxg6+ Kd8 31. Qg7 Re8 32. Rh7 1-0

[Event "Lindores Abbey Tal Blitz 2021"]
[Site "Riga"]
[Date "2021.11.08"]
[Round "13.41"]
[White "Sjugirov, Sanan"]
[Black "Assaubayeva, Bibisara"]
[Result "0-1"]
[WhiteElo "2663"]
[BlackElo "2400"]
[Annotator "TA"]
[PlyCount "64"]
[EventDate "2021.11.02"]
[EventType "swiss"]
[EventCountry "LAT"]
[SourceTitle "playchess.com"]
[Source "ChessBase"]
[SourceQuality "1"]

1. e4 c5 2. Nf3 d6 3. d4 cxd4 4. Nxd4 Nf6 5. Nc3 a6 6. h3 e5 7. Nde2 b5 8. Ng3
Qc7 9. Bd3 Nbd7 10. O-O g6 11. a4 b4 12. Na2 Rb8 13. Bd2 d5 14. exd5 Nxd5 15.
Qe2 Be7 16. Bh6 Nf4 17. Bxf4 exf4 18. Rfe1 Nc5 19. Nf1 Be6 20. Bc4 O-O 21. b3
Bf6 22. Rad1 Rfe8 23. Bxe6 Nxe6 24. Nd2 Nd4 25. Qxa6 Rxe1+ 26. Rxe1 Qxc2 27.
Ne4 Bg7 28. Nc1 f3 29. Qd6 Rc8 30. Nf6+ Bxf6 31. Qxf6 Qc3 32. Re7 Ne2+ 0-1

[Event "Lindores Abbey Tal Blitz 2021"]
[Site "Riga"]
[Date "2021.11.08"]
[Round "13.42"]
[White "Neiksans, Arturs"]
[Black "Rakotomaharo, Fy Antenaina"]
[Result "0-1"]
[WhiteElo "2575"]
[BlackElo "2487"]
[Annotator "ChessBase"]
[PlyCount "97"]
[EventDate "2021.11.02"]
[EventType "swiss"]
[EventCountry "LAT"]
[SourceTitle "playchess.com"]
[Source "ChessBase"]
[SourceQuality "1"]

1. e4 e5 2. Nf3 Nc6 3. Bb5 a6 4. Ba4 Nf6 5. O-O Bc5 6. d3 d6 7. c3 O-O 8. h3
Ba7 9. Re1 Ne7 10. d4 Ng6 11. Nbd2 b5 12. Bc2 c5 13. d5 c4 14. a4 Bd7 15. Nf1
h6 16. Ng3 Nh7 17. Be3 Bxe3 18. Rxe3 Nf4 19. Re1 Ng5 20. Nh2 Qf6 21. Qd2 h5 22.
Kh1 h4 23. Ngf1 Nxg2 24. Kxg2 Bxh3+ 25. Kh1 Nf3 26. Qe3 Nxe1 27. Rxe1 Bd7 28.
a5 Rab8 29. Nd2 Rfc8 30. Rf1 b4 31. f4 bxc3 32. bxc3 Rb2 33. fxe5 Qxe5 34. Ndf3
Qg3 35. Rg1 Qh3 36. Qg5 g6 37. Bd1 Rb1 38. Nxh4 Rb2 39. N4f3 Re8 40. Qf4 Rf2
41. Qxd6 Rxe4 42. Ng5 Qh4 43. Nxe4 Qxe4+ 44. Bf3 Rxf3 45. Nxf3 Qxf3+ 46. Rg2
Bh3 47. Qd8+ Kg7 48. Qg5 Qxg2+ 49. Qxg2 0-1